000
00251nam a2200109Ia 4500
008
240625s9999 xx 000 0 und d
041
_a
eng
082
_a
658.4012 KUL
100
_a
KULKARNI PARAG
245
_a
I T STRATEGY FOR BUSINESS
260
_c
2009
999
_c
38138
_d
38138